Histoire des marais et des maladies causées par les émanations des eaux stagnantes ... / (Record no. 159960)

MARC details
000 -LEADER
campo de control de longitud fija 00870nam a22002415i 4500
001 - NÚMERO DE CONTROL
campo de control 159960
003 - IDENTIFICADOR DE NÚMERO DE CONTROL
campo de control ES-MaACL
005 - FECHA Y HORA DE LA ÚLTIMA TRANSACCIÓN
campo de control 20250807063220.0
008 - DATOS DE LONGITUD FIJA--INFORMACIÓN GENERAL
campo de control de longitud fija 040915s1824 fr |||| | fre d
040 ## - FUENTE DE CATALOGACIÓN
Centro catalogador/agencia de origen CAM
Lengua de catalogación spa
Centro/agencia transcriptor CAM
080 ## - NÚMERO DE LA CLASIFICACIÓN DECIMAL UNIVERSAL
Número de la Clasificación Decimal Universal 502.51:504.5
080 ## - NÚMERO DE LA CLASIFICACIÓN DECIMAL UNIVERSAL
Número de la Clasificación Decimal Universal 616.9
100 1# - ENTRADA PRINCIPAL--NOMBRE DE PERSONA
Nombre de persona Monfalcon, Jean Baptiste
Término indicativo de función/relación Autor
9 (RLIN) 130055
245 10 - MENCIÓN DEL TÍTULO
Título Histoire des marais et des maladies causées par les émanations des eaux stagnantes ... /
Mención de responsabilidad, etc. par J.B. Monfalcon
260 ## - PUBLICACIÓN, DISTRIBUCIÓN, ETC.
Lugar de publicación, distribución, etc. Paris :
Nombre del editor, distribuidor, etc. Béchet jeune libraire,
Fecha de publicación, distribución, etc. 1824
Lugar de fabricación/manufactura Lyon :
Fabricante (Imp. de Durand et Perrin)
300 ## - DESCRIPCIÓN FÍSICA
Extensión XII, 510 páginas ;
Dimensiones 21 cm
650 #4 - PUNTO DE ACCESO ADICIONAL DE MATERIA--TÉRMINO DE MATERIA
Término de materia o nombre geográfico como elemento de entrada Agua-
Subdivisión general Contaminación
9 (RLIN) 9694
650 #7 - PUNTO DE ACCESO ADICIONAL DE MATERIA--TÉRMINO DE MATERIA
Término de materia o nombre geográfico como elemento de entrada Enfermedades infecciosas
Fuente del encabezamiento o término embne
9 (RLIN) 135986
852 ## - LOCALIZACIÓN
Ubicación ES-MaACL
Ubicación en estantería Sala Pecera Planta 3
Donativo/Legado Donativo de Mateo Seoane
Número de control de estantería G-15239
Encuadernación Holandesa
942 ## - ELEMENTOS DE ENTRADA SECUNDARIOS (KOHA)
Fuente del sistema de clasificación o colocación Clasificación decimal universal
Tipo de ítem Koha Libro impreso antiguo
Suprimir en OPAC No
Holdings
Estatus retirado Estado de pérdida Fuente del sistema de clasificación o colocación Estado de daño No para préstamo Colección Biblioteca de origen Biblioteca actual Ubicación en estantería Fecha de adquisición Fuente de adquisición Total de préstamos Signatura topográfica completa Código de barras Visto por última vez Tipo de ítem Koha
    Clasificación decimal universal     Libros del s. XIX Biblioteca del Ateneo de Madrid Biblioteca del Ateneo de Madrid Sala Pecera Planta 3 17/01/2008 Donación   G-15239 1167463 23/02/2023 Libro impreso antiguo